000 01201cad a22002175a 4500
001 L153113
008 110609s2011 xxk 000 0 eng d
035 _a(Sirsi) u153113
041 0 _aeng
100 1 _aMoore, Paul
110 2 _aEC Harris
_94930
245 0 0 _aInternational focus on Saudi Arabia
_bSpring 2011
_h[electronic resource]
260 _a[S.l.]
_bECHarris
_c2011
520 _aDiscusses the investment opportunities resulting from economic and population growth; the construction sector is the third largest sector of the Saudi economy after hydrocarbons and ICT and has experienced rapid growth in recent years; the housing sector will be one of the strongest sectors going forward as the government plans to invest heavily in affordable housing; approximately 80% of materials used on construction projects in the Kingdom of Saudi Arabia are typically sourced from within the Kingdom.
590 _aKA NTK
651 4 _aSaudi Arabia
690 _aBUILT ENVIRONMENT-CONSTRUCTION MARKET
700 1 _aMorris, Colin
856 4 0 _uhttps://www.echarris.com/pdf/7934_International%20Focus%20Saudi%20Arabia%20FINAL.pdf
_zView the item free of charge at www.echarris.com
942 _n0
999 _c112380
_d112380